000 00735nam a2200181Ia 4500
008 151202s9999||||xx |||||||||||||| ||und||
082 _bPNVM-46072
100 _aपुरोहित के.ज.(शांताराम).
245 _aमराठी कथा विसावे शतक.
260 _b"मॅजेस्टिक प्रक ाशन ,मुंबई."
260 _c2004
300 _a519
600 _aपुरोहित के.ज.(शांताराम).
630 _aमराठी कथा विसावे शतक.
700 _aपुरोहित के.ज.(शांताराम).
730 _aमराठी कथा विसावे शतक.
942 _cBOOK
999 _c1312022
_d1312019